An Introduction To Politics (Record no. 569973)

MARC details
000 -LEADER
fixed length control field 00470nam a2200181Ia 4500
008 - FIXED-LENGTH DATA ELEMENTS--GENERAL INFORMATION
fixed length control field 250327s9999 xx 000 0 und d
020 ## - INTERNATIONAL STANDARD BOOK NUMBER
ISBN 9788129151964
Paper back/Hardbound hbk
041 ## - LANGUAGE CODE
Language code of text/sound track or separate title eng
082 ## - DEWEY DECIMAL CLASSIFICATION NUMBER
Classification number 320
Item number LAS
100 ## - MAIN ENTRY--AUTHOR NAME
Personal name Laski, Harold J.
245 #3 - TITLE STATEMENT
Title An Introduction To Politics
Statement of responsibility, etc Harlod J. Laski
250 ## - EDITION STATEMENT
Edition statement First edition
260 ## - PUBLICATION, DISTRIBUTION, ETC. (IMPRINT)
Name of publisher Rupa
Year of publication 2018
Place of publication New delhi
300 ## - PHYSICAL DESCRIPTION
Number of Pages 118 pages
Dimensions 22 cm
650 ## - SUBJECT ADDED ENTRY--TOPICAL TERM
Topical Term nature of state
942 ## - ADDED ENTRY ELEMENTS (KOHA)
Koha item type English Books
Holdings
Withdrawn status Lost status Damaged status Not for loan Home library Current library Shelving location Date acquired Cost, normal purchase price Full call number Accession Number Price effective from Koha item type
        Anna Centenary Library Anna Centenary Library 3RD FLOOR, B WING 28.11.2024 195.00 320 LAS 699521 28.11.2024 English Books
        Anna Centenary Library Anna Centenary Library 3RD FLOOR, B WING 28.11.2024 495.00 320 LAS 699522 28.11.2024 English Books

Find us on the map